Business marketing connecting strategy, relationships, and learning

Includes bibliographical references and index

Na minha lista:
Detalhes bibliográficos
Autor principal: Dwyer, F. Robert
Outros Autores: Tanner, John F
Formato: Livro
Idioma:Undetermined
Publicado em: Boston McGraw-Hill Irwin 2009
Assuntos:
Acesso em linha:http://lrc.tdmu.edu.vn/opac/search/detail.asp?aID=2&ID=25833
Tags: Adicionar Tag
Sem tags, seja o primeiro a adicionar uma tag!
Thư viện lưu trữ: Trung tâm Học liệu Trường Đại học Thủ Dầu Một
LEADER 00785nam a2200229Ia 4500
001 TDMU_25833
008 210410s9999 xx 000 0 und d
082 |a 658.8 
090 |b DW601 
100 |a Dwyer, F. Robert 
245 0 |a Business marketing 
245 0 |b connecting strategy, relationships, and learning 
245 0 |c F. Robert Dwyer, John F. Tanner 
260 |a Boston 
260 |b McGraw-Hill Irwin 
260 |c 2009 
300 |a xxv, 678 p. 
520 |a Includes bibliographical references and index 
650 |a Marketing; Tiếp thị; Tiếp thị kinh doanh  |x Chiến lược 
700 |a Tanner, John F 
856 |u http://lrc.tdmu.edu.vn/opac/search/detail.asp?aID=2&ID=25833 
980 |a Trung tâm Học liệu Trường Đại học Thủ Dầu Một